States With Limited Recognition - Statistics

General Stats
  • This quiz has been taken 23 times
  • The average score is 59 of 160
Answer Stats
Hint Answer % Correct
imageArmenia (NOT recognized by) Pakistan
88%
Iraq
82%
North Korea
82%
Syria
82%
United States
82%
Iran
76%
Qatar
76%
imageAbkhazia Russia
76%
imageNorth Korea (NOT recognized by) South Korea
76%
imageCyprus (NOT Recognized by) Turkey
76%
Libya
71%
Oman
71%
Saudi Arabia
71%
imageNorthern Cyprus Turkey
71%
imageSahrawi Arab Democratic Republic | imageIsrael (NOT Recognized by) Algeria
65%
France
65%
Kuwait
65%
Lebanon
65%
Somalia
65%
Tunisia
65%
United Kingdom
65%
Niger
59%
Taiwan
59%
Afghanistan
53%
Djibouti
53%
Germany
53%
Greece
53%
Indonesia
53%
Mali
53%
Mauritania
53%
Yemen
53%
Bangladesh
47%
Brunei
47%
Canada
47%
Comoros
47%
Ethiopia
47%
Israel
47%
Malaysia
47%
Nigeria
47%
South Sudan
47%
Japan
41%
Northern Cyprus
41%
Portugal
41%
Abkhazia
35%
Australia
35%
Botswana
35%
Eritrea
35%
Italy
35%
Kenya
35%
Laos
35%
Singapore
35%
South Africa
35%
South Ossetia
35%
Tanzania
35%
Belgium
29%
Cuba
29%
Eswatini
29%
Mauritius
29%
Mexico
29%
Nauru
29%
New Zealand
29%
Transnistria
29%
Tuvalu
29%
Uganda
29%
Vatican City
29%
Vietnam
29%
imagePalestine (NOT Recognized by) Andorra
24%
Angola
24%
Austria
24%
Cambodia
24%
Cameroon
24%
Finland
24%
Ghana
24%
Lesotho
24%
Liberia
24%
Maldives
24%
Malta
24%
Marshall Islands
24%
Mozambique
24%
Namibia
24%
Netherlands
24%
Rwanda
24%
Saint Lucia
24%
Sierra Leone
24%
Timor-Leste
24%
Tonga
24%
Venezuela
24%
Zimbabwe
24%
imageChina (PRC, NOT recognized by) /Taiwan (ROC) image Belize
18%
Colombia
18%
Croatia
18%
Denmark
18%
Fiji
18%
F.S. Micronesia
18%
Haiti
18%
Kiribati
18%
Latvia
18%
Lithuania
18%
Moldova
18%
Monaco
18%
Myanmar
18%
North Macedonia
18%
Palau
18%
Paraguay
18%
Saint Kitts and Nevis
18%
Samoa
18%
San Marino
18%
Solomon Islands
18%
Switzerland
18%
Bolivia
12%
Costa Rica
12%
Estonia
12%
Guatemala
12%
Luxembourg
12%
Nicaragua
12%
Saint Vincent and the Grenadines
12%
Vanuatu
12%
Guyana
6%
Honduras
6%
Liechtenstein
6%
Peru
6%
Sahrawi Arab Democratic Republic
6%
Trinidad and Tobago
6%
Uruguay
6%
Panama
0%
No matching quizzes found
Score Distribution
Percent of People with Each Score
Percentile by Number Answered
Your Score History
You have not taken this quiz